[Event "Campeonato Individual Absoluto de Madrid"]
[Site "Madrid ESP"]
[Date "2025.05.13"]
[Round "7.3"]
[White "Moreno Ruiz, Javier"]
[Black "Martinez Fernandez, Raul"]
[Result "1-0"]
[WhiteElo "2379"]
[BlackElo "2158"]
[PlyCount "105"]
[GameId "2177154383544641"]
[EventDate "2025.05.05"]
[EventType "swiss"]
[EventRounds "7"]
[SourceTitle "Ajedrez en Madrid"]
[Source "lmi"]
[SourceDate "2025.05.05"]
[SourceVersion "1"]
[SourceVersionDate "2025.05.14"]
[SourceQuality "1"]

1. d4 d5 2. c4 e6 3. Nc3 c5 4. cxd5 exd5 5. Nf3 Nc6 6. dxc5 d4 7. Na4 Bxc5 8. Nxc5 Qa5+ 9. Qd2 Qxc5 10. a3 Be6 11. b4 Qd5 12. Bb2 Nf6 13. Nxd4 Ne4 14. Qd3 O-O 15. Nxc6 bxc6 16. f3 Qxd3 17. exd3 Nd6 18. Be2 a5 19. Kf2 axb4 20. axb4 Rab8 21. Bd4 Nb5 22. Bc5 Rfd8 23. Ra6 Bd5 24. Rc1 Nc7 25. Ra7 Ne6 26. Be7 Re8 27. Bf1 h5 28. h4 Nd4 29. Bd6 Ra8 30. Bc5 Nb3 31. Re1 Nxc5 32. bxc5 Rxa7 33. Rxe8+ Kh7 34. d4 Ra3 35. Re3 Ra4 36. Rd3 Bc4 37. Rd2 Bxf1 38. Kxf1 Kg6 39. Kf2 Kf6 40. Ke3 Ke6 41. Ke4 f5+ 42. Kf4 Kf6 43. g4 hxg4 44. fxg4 fxg4 45. Kxg4 Ra1 46. Rf2+ Ke6 47. Rf8 Ke7 48. Rg8 Rd1 49. Rxg7+ Ke8 50. Kf5 Rxd4 51. Ke6 Kd8 52. h5 Rb4 53. Kd6 1-0

[Event "Campeonato Individual Absoluto de Madrid"]
[Site "Madrid ESP"]
[Date "2025.05.13"]
[Round "7.4"]
[White "Rubio Mejia, Luis Ignacio"]
[Black "Suarez Uriel, Adrian"]
[Result "0-1"]
[WhiteElo "2355"]
[BlackElo "2398"]
[PlyCount "62"]
[GameId "2177148299653382"]
[EventDate "2025.05.05"]
[EventType "swiss"]
[EventRounds "7"]
[SourceTitle "Ajedrez en Madrid"]
[Source "lmi"]
[SourceDate "2025.05.05"]
[SourceVersion "1"]
[SourceVersionDate "2025.05.14"]
[SourceQuality "1"]

1. Nf3 g6 2. c4 Bg7 3. Nc3 e5 4. d4 exd4 5. Nxd4 Nc6 6. Nxc6 bxc6 7. g3 Ne7 8. Bg2 O-O 9. O-O Rb8 10. Qc2 d6 11. Bg5 Bd7 12. Rad1 h6 13. Bc1 Nf5 14. e3 h5 15. h4 Re8 16. Qa4 Bxc3 17. bxc3 c5 18. Qxa7 Ne7 19. Qa3 Be6 20. Qa4 Nc8 21. e4 Nb6 22. Qc2 Nxc4 23. Bg5 Qd7 24. Rfe1 Bg4 25. Ra1 Rb2 26. Qc1 Reb8 27. a4 Ne5 28. Bf6 Rxf2 29. Bxe5 Rbb2 30. Bf1 dxe5 31. a5 Bh3 0-1

[Event "Campeonato Individual Absoluto de Madrid"]
[Site "Madrid ESP"]
[Date "2025.05.13"]
[Round "7.5"]
[White "Horcajuelo Rocamora, Martin"]
[Black "Portero Rubio, Martin"]
[Result "0-1"]
[WhiteElo "2367"]
[BlackElo "2079"]
[PlyCount "192"]
[GameId "2177173415366782"]
[EventDate "2025.05.05"]
[EventType "swiss"]
[EventRounds "7"]
[SourceTitle "Ajedrez en Madrid"]
[Source "lmi"]
[SourceDate "2025.05.05"]
[SourceVersion "1"]
[SourceVersionDate "2025.05.14"]
[SourceQuality "1"]

1. d4 Nf6 2. c4 e6 3. Nf3 d5 4. Nc3 c6 5. Bg5 dxc4 6. e4 b5 7. e5 h6 8. Bh4 g5 9. Nxg5 hxg5 10. Bxg5 Nbd7 11. exf6 Bb7 12. Qe2 Qb6 13. O-O-O O-O-O 14. h4 Bb4 15. Ne4 c5 16. a3 Bxa3 17. bxa3 cxd4 18. Bf4 e5 19. Bd2 a5 20. Qe1 Nc5 21. Rh3 Bxe4 22. Bxa5 Qxf6 23. Bb4 Qf4+ 24. Kb2 Na4+ 25. Ka1 Bc6 26. g3 Qf5 27. g4 Qf6 28. g5 Qg7 29. Be7 c3 30. Bd3 Rhe8 31. Bb4 e4 32. Bc2 d3 33. Bxa4 d2 34. Qe3 c2+ 35. Bc3 Rd3 36. Bxg7 Rxe3 37. Bxc2 Rxh3 38. Rxd2 Rxh4 39. Bd4 Rd8 40. Kb2 Rg4 41. Be3 Rxd2 42. Bxd2 Kd7 43. Bb3 Ke7 44. Be3 Rg1 45. Kc3 Ke8 46. Bc2 Kf8 47. Kb4 Ra1 48. Bd4 Rc1 49. Bb3 Bd7 50. Bd5 Ke8 51. Be3 Rb1+ 52. Kc3 Be6 53. Bxe4 Rb3+ 54. Kd4 Rxa3 55. Ke5 b4 56. g6 Ra5+ 57. Kf6 Kf8 58. g7+ Kg8 59. f4 Ra6 60. Bb7 Ra5 61. Be4 b3 62. Bc1 Ra2 63. f5 Bc4 64. Bf4 Rf2 65. Be5 b2 66. Bc3 Ba2 67. Kg5 b1=Q 68. Bxb1 Bxb1 69. f6 Kh7 70. Ba1 Rf5+ 71. Kg4 Rb5 72. Bc3 Ba2 73. Kh4 Be6 74. Ba1 Rb1 75. Bc3 Rg1 76. Kh5 Bg4+ 77. Kh4 Be2 78. Bd2 Rg4+ 79. Kh3 Ra4 80. Kg3 Bd1 81. Bf4 Bh5 82. Bd2 Ra8 83. Bb4 Ra4 84. Bd2 Bg6 85. Bf4 Bf5 86. Bd2 Rg4+ 87. Kf3 Rg6 88. Bc3 Kh6 89. Kf4 Bb1 90. Ke5 Rg3 91. Bd2+ Kh5 92. Kd6 Bh7 93. Ke7 Kg6 94. Bc1 Rf3 95. Bb2 Re3+ 96. Kf8 Re6 0-1

[Event "Campeonato Individual Absoluto de Madrid"]
[Site "Madrid ESP"]
[Date "2025.05.13"]
[Round "7.6"]
[White "Lopez Del Alamo, Antonio"]
[Black "Torres Rebolledo, Alvaro"]
[Result "0-1"]
[WhiteElo "2145"]
[BlackElo "2336"]
[PlyCount "70"]
[GameId "2177149068980500"]
[EventDate "2025.05.05"]
[EventType "swiss"]
[EventRounds "7"]
[SourceTitle "Ajedrez en Madrid"]
[Source "lmi"]
[SourceDate "2025.05.05"]
[SourceVersion "1"]
[SourceVersionDate "2025.05.14"]
[SourceQuality "1"]

{[%evp 0,70,11,35,15,12,-7,14,25,43,21,18,17,-10,-5,-21,-12,-40,-8,-46,-52,-52,-71,-75,-68,-76,-78,-78,-68,-81,-43,-55,-50,-41,-63,-71,-33,-60,-49,-56,-51,-43,-58,-68,-69,-29,-9,-51,-100,-73,-78,-64,-91,-127,-86,-88,-270,-79,-79,-75,-82,-140,-79,-89,-224,-77,-70,-74,-42,-88,-60,-448,-379]} 1. d4 Nf6 2. Bg5 c5 3. d5 h6 4. Bxf6 exf6 5. Nc3 d6 6. e3 g6 7. Nge2 Bg7 8. Nf4 O-O 9. Be2 Nd7 10. h4 f5 11. a4 b6 12. g3 a6 13. O-O Ne5 14. Na2 c4 15. Nb4 Bd7 16. c3 b5 17. axb5 Bxb5 18. Nc2 Bd7 19. Nd4 a5 20. Qc2 Re8 21. Ng2 h5 22. Nf4 Rc8 23. Bf3 Nxf3+ 24. Nxf3 Rc5 25. Ra2 Qa8 26. Rfa1 Bh6 27. Qd2 Bxf4 28. exf4 Rxd5 29. Nd4 Re4 30. f3 Re7 31. Kf2 Qa7 32. Re1 Be6 33. Kg2 Rc5 34. Nxe6 fxe6 35. Qxd6 Rd5 0-1

[Event "Campeonato Individual Absoluto de Madrid"]
[Site "Madrid ESP"]
[Date "2025.05.13"]
[Round "7.7"]
[White "Galarreta Santana, Javier"]
[Black "Grabuzova, Tatiana"]
[Result "1/2-1/2"]
[WhiteElo "1927"]
[BlackElo "2199"]
[PlyCount "87"]
[GameId "2177156788318543"]
[EventDate "2025.05.05"]
[EventType "swiss"]
[EventRounds "7"]
[SourceTitle "Ajedrez en Madrid"]
[Source "lmi"]
[SourceDate "2025.05.05"]
[SourceVersion "1"]
[SourceVersionDate "2025.05.14"]
[SourceQuality "1"]

1. d4 e6 2. c4 b6 3. a3 Bb7 4. Nc3 Nf6 5. Bg5 Be7 6. e3 O-O 7. Nf3 h6 8. Bf4 Nh5 9. Bg3 f5 10. Ne5 Nxg3 11. hxg3 d6 12. Nd3 Bf6 13. g4 c5 14. Nf4 cxd4 15. exd4 Nc6 16. Nxe6 Re8 17. d5 Bxc3+ 18. bxc3 Qf6 19. Be2 Ba6 20. O-O Re7 21. Qa4 Na5 22. Qb4 Rc8 23. Qxd6 Bxc4 24. Bxc4 Nxc4 25. Qf4 fxg4 26. Qxg4 Nd6 27. Qb4 Rd7 28. Qa4 b5 29. Qg4 Qf5 30. Qxf5 Nxf5 31. a4 bxa4 32. Rxa4 Rxc3 33. Rfa1 Rxd5 34. Rxa7 Rd6 35. Re1 h5 36. Ng5 Rc8 37. Re5 g6 38. Rb5 Rd1+ 39. Kh2 Rd4 40. g3 h4 41. Rb6 hxg3+ 42. fxg3 Rd6 43. Rbb7 Re8 44. Ra3 1/2-1/2

[Event "Campeonato Individual Absoluto de Madrid"]
[Site "Madrid ESP"]
[Date "2025.05.13"]
[Round "7.8"]
[White "Alvarez Poves, Jesus"]
[Black "Bocancea, Cristian Andrei"]
[Result "0-1"]
[WhiteElo "2071"]
[BlackElo "1995"]
[PlyCount "66"]
[GameId "2177150010302754"]
[EventDate "2025.05.05"]
[EventType "swiss"]
[EventRounds "7"]
[SourceTitle "Ajedrez en Madrid"]
[Source "lmi"]
[SourceDate "2025.05.05"]
[SourceVersion "1"]
[SourceVersionDate "2025.05.14"]
[SourceQuality "1"]

1. e4 c6 2. d4 d5 3. e5 Bf5 4. Be3 e6 5. Nf3 Qb6 6. Qc1 c5 7. Bd3 Bxd3 8. cxd3 Nc6 9. dxc5 Qb4+ 10. Qc3 d4 11. Bxd4 Nxd4 12. Nxd4 Bxc5 13. Qxb4 Bxb4+ 14. Ke2 Rd8 15. Nc2 Ba5 16. Nba3 Bc7 17. f4 Ne7 18. b4 Nd5 19. g3 h5 20. Nb5 Bb8 21. a3 a6 22. Nbd4 Ba7 23. Nb3 Ke7 24. Rac1 h4 25. Kf3 hxg3 26. Kxg3 Nxf4 27. Kxf4 Rxd3 28. Nc5 Bxc5 29. bxc5 Rh4+ 30. Kg5 Rdh3 31. Rhg1 f6+ 32. exf6+ gxf6+ 33. Kg6 Rh7 0-1

[Event "Campeonato Individual Absoluto de Madrid"]
[Site "Madrid ESP"]
[Date "2025.05.13"]
[Round "7.9"]
[White "Nunez Munoz, Jesus"]
[Black "Perez Diez, Victor"]
[Result "0-1"]
[WhiteElo "1996"]
[BlackElo "2041"]
[PlyCount "134"]
[GameId "2177157992833373"]
[EventDate "2025.05.05"]
[EventType "swiss"]
[EventRounds "7"]
[SourceTitle "Ajedrez en Madrid"]
[Source "lmi"]
[SourceDate "2025.05.05"]
[SourceVersion "1"]
[SourceVersionDate "2025.05.14"]
[SourceQuality "1"]

1. e4 c5 2. Nf3 g6 3. c4 Nc6 4. d4 cxd4 5. Nxd4 Nf6 6. Nc3 d6 7. Be2 Nxd4 8. Qxd4 Bg7 9. Bg5 h6 10. Be3 O-O 11. Qd2 Kh7 12. Rc1 a5 13. b3 Nd7 14. O-O Nc5 15. f3 Bd7 16. Rfd1 Bc6 17. Qc2 Qb6 18. Rb1 Rfc8 19. a3 Qc7 20. Qd2 g5 21. b4 axb4 22. axb4 Na4 23. Nxa4 Rxa4 24. e5 Ra3 25. exd6 exd6 26. Bd4 Be5 27. Ra1 Rxa1 28. Rxa1 Re8 29. Rd1 Qe7 30. Bf1 Rg8 31. b5 Be8 32. Bd3+ Kh8 33. Be4 f6 34. Bxe5 dxe5 35. Qd6 Qg7 36. Qb6 Bf7 37. Rd7 g4 38. f4 exf4 39. Bd5 Qg6 40. Bxf7 Qb1+ 41. Kf2 g3+ 42. hxg3 fxg3+ 43. Ke2 Qc2+ 44. Rd2 Qe4+ 45. Qe3 Qxg2+ 46. Kd1 Qh1+ 47. Kc2 g2 48. Bxg8 g1=Q 49. Qxg1 Qxg1 50. Bd5 b6 51. Rg2 Qe3 52. Kd1 h5 53. Re2 Qd4+ 54. Ke1 Qg1+ 55. Kd2 h4 56. Re1 Qg5+ 57. Ke2 h3 58. Rh1 Qg3 59. Kf1 f5 60. Rg1 Qf4+ 61. Ke2 h2 62. Rh1 Qg3 63. Rf1 f4 64. Bf3 Qg1 65. Bd5 Qe3+ 66. Kd1 Kg7 67. Rh1 f3 0-1

[Event "Campeonato Individual Absoluto de Madrid"]
[Site "Madrid ESP"]
[Date "2025.05.13"]
[Round "7.10"]
[White "Martin Rodriguez, Emilio"]
[Black "Palomo Monserrat, Lorenzo"]
[Result "1-0"]
[WhiteElo "1959"]
[BlackElo "1993"]
[PlyCount "100"]
[GameId "2177160187982187"]
[EventDate "2025.05.05"]
[EventType "swiss"]
[EventRounds "7"]
[SourceTitle "Ajedrez en Madrid"]
[Source "lmi"]
[SourceDate "2025.05.05"]
[SourceVersion "1"]
[SourceVersionDate "2025.05.14"]
[SourceQuality "1"]

1. d4 d5 2. Nf3 Nf6 3. e3 e6 4. Nbd2 Nbd7 5. Bd3 b6 6. e4 dxe4 7. Nxe4 Bb7 8. Nxf6+ Qxf6 9. c3 Bd6 10. Bg5 Bxf3 11. Qd2 Bxg2 12. Bxf6 gxf6 13. Rg1 Bb7 14. O-O-O Bxh2 15. Rg7 Bf3 16. Re1 O-O-O 17. Be4 Bxe4 18. Rxe4 h5 19. f4 Nc5 20. Qe2 Nxe4 21. Qxe4 h4 22. Rxf7 Kb8 23. a4 h3 24. a5 f5 25. Qc6 Bxf4+ 26. Kc2 h2 27. Qh1 bxa5 28. Rg7 Rdg8 29. Rxg8+ Rxg8 30. Kb3 Rh8 31. Ka4 c6 32. Kxa5 Kb7 33. b4 a6 34. c4 Ka7 35. b5 axb5 36. cxb5 Bd2+ 37. Ka4 cxb5+ 38. Kxb5 Bc3 39. Kc4 Bb2 40. d5 Rh4+ 41. Kb3 exd5 42. Kxb2 f4 43. Kc2 f3 44. Kd3 f2 45. Ke2 Rf4 46. Kf1 Ra4 47. Kg2 d4 48. Qd1 Rb4 49. Qc1 d3 50. Qa3+ Kb7 1-0

[Event "Campeonato Individual Absoluto de Madrid"]
[Site "Madrid ESP"]
[Date "2025.05.13"]
[Round "7.11"]
[White "Blazquez Sanz, Oscar"]
[Black "Cardena Contreras, Javier"]
[Result "1-0"]
[WhiteElo "1993"]
[BlackElo "1916"]
[PlyCount "85"]
[GameId "2177153305731379"]
[EventDate "2025.05.05"]
[EventType "swiss"]
[EventRounds "7"]
[SourceTitle "Ajedrez en Madrid"]
[Source "lmi"]
[SourceDate "2025.05.05"]
[SourceVersion "1"]
[SourceVersionDate "2025.05.14"]
[SourceQuality "1"]

1. e4 c5 2. Nf3 Nf6 3. Nc3 d5 4. e5 Nfd7 5. d4 cxd4 6. Qxd4 e6 7. Bb5 Nc6 8. Bxc6 bxc6 9. O-O Qb6 10. Qg4 Qc7 11. Re1 h5 12. Qg3 Ba6 13. a4 g6 14. a5 Bb4 15. Ra4 c5 16. Nxd5 exd5 17. c3 Qc6 18. Ra1 Bxc3 19. bxc3 Nf8 20. e6 Nxe6 21. Ne5 Qd6 22. Nxg6 Qxg3 23. hxg3 Rg8 24. Nf4 Kd7 25. Nxd5 Rg6 26. Bf4 Re8 27. Be5 Kc6 28. Nf6 Rh8 29. Rad1 Rd8 30. Rxd8 Nxd8 31. Nxh5 Kb5 32. Nf4 Rg8 33. Nd5 Kc4 34. Ne3+ Kd3 35. Rd1+ Ke2 36. Rd7 Nc6 37. Bf4 Bd3 38. Rxf7 a6 39. Rb7 Nxa5 40. Rb2+ Ke1 41. f3 Nc6 42. g4 a5 43. Bg3# 1-0

[Event "Campeonato Individual Absoluto de Madrid"]
[Site "Madrid ESP"]
[Date "2025.05.13"]
[Round "7.12"]
[White "Lorenzo Bailador, Alfredo"]
[Black "Lozano Argueso, Cesar"]
[Result "0-1"]
[WhiteElo "1968"]
[BlackElo "1995"]
[PlyCount "116"]
[GameId "2177178283626639"]
[EventDate "2025.05.05"]
[EventType "swiss"]
[EventRounds "7"]
[SourceTitle "Ajedrez en Madrid"]
[Source "lmi"]
[SourceDate "2025.05.05"]
[SourceVersion "1"]
[SourceVersionDate "2025.05.14"]
[SourceQuality "1"]

1. e4 c6 2. d4 d5 3. exd5 cxd5 4. Bd3 Nc6 5. c3 Qc7 6. h3 e6 7. Nf3 Bd6 8. O-O Nge7 9. Re1 O-O 10. Nbd2 Ng6 11. Ng5 e5 12. Bxg6 hxg6 13. dxe5 Nxe5 14. Ndf3 Nxf3+ 15. Qxf3 Qc4 16. Qe2 Bf5 17. Be3 Rfe8 18. Qd2 b6 19. b3 Qc6 20. Nf3 Rac8 21. Bd4 f6 22. Rxe8+ Rxe8 23. Re1 Kf7 24. Rxe8 Qxe8 25. Ne1 Qe4 26. Be3 Bc5 27. Kh2 g5 28. Kg1 Bd6 29. Qd4 Ke6 30. Qxe4+ Bxe4 31. Kf1 Bb1 32. a4 Be5 33. Bd2 Ba2 34. b4 Bc4+ 35. Kg1 Kf5 36. g3 Bb3 37. a5 bxa5 38. bxa5 a6 39. Nd3 Bc7 40. g4+ Kg6 41. Nc5 Bc4 42. Nb7 Be5 43. f3 Kf7 44. Nd8+ Ke8 45. Nc6 Bc7 46. Kf2 Kd7 47. Nd4 Bxa5 48. Nf5 g6 49. Nd4 Bc7 50. Bc1 a5 51. Nc2 Be5 52. Bb2 Bd3 53. Ne1 Bb1 54. Ke3 Kc6 55. Ng2 Kb5 56. f4 gxf4+ 57. Nxf4 Kc4 58. Ne2 Kb3 0-1

[Event "Campeonato Individual Absoluto de Madrid"]
[Site "Madrid ESP"]
[Date "2025.05.13"]
[Round "7.13"]
[White "San Vicente Crespo, Pablo"]
[Black "Martin Martin, Luis Vicente"]
[Result "0-1"]
[WhiteElo "1973"]
[BlackElo "1958"]
[PlyCount "68"]
[GameId "2177138418884778"]
[EventDate "2025.05.05"]
[EventType "swiss"]
[EventRounds "7"]
[SourceTitle "Ajedrez en Madrid"]
[Source "lmi"]
[SourceDate "2025.05.05"]
[SourceVersion "1"]
[SourceVersionDate "2025.05.14"]
[SourceQuality "1"]

1. e4 d5 2. exd5 Qxd5 3. Nc3 Qa5 4. d4 c6 5. Bd2 Bf5 6. h3 e6 7. g4 Bg6 8. f4 h5 9. Bg2 hxg4 10. hxg4 Rxh1 11. Bxh1 Qd8 12. Nf3 Nh6 13. Qe2 Nxg4 14. O-O-O Nf6 15. Re1 Nbd7 16. Ng5 Nb6 17. Be4 Nxe4 18. Ncxe4 Qxd4 19. Bc3 Qc4 20. Qf3 Qxa2 21. Re3 O-O-O 22. Rd3 Nc4 23. Rxd8+ Kxd8 24. Qd3+ Kc7 25. Be5+ Nxe5 26. fxe5 Qd5 27. Qf3 Be7 28. Qe3 Qxe5 29. Kb1 Bxg5 30. Qxg5 Qxe4 31. Qe7+ Kb6 32. Qd8+ Ka6 33. Ka1 Qe1+ 34. Ka2 Qa5+ 0-1

[Event "Campeonato Individual Absoluto de Madrid"]
[Site "Madrid ESP"]
[Date "2025.05.13"]
[Round "7.14"]
[White "Alvarez Abejon, Amilcar"]
[Black "Martin Cantizano, David"]
[Result "1/2-1/2"]
[WhiteElo "1968"]
[BlackElo "1946"]
[PlyCount "43"]
[GameId "2177139564716216"]
[EventDate "2025.05.05"]
[EventType "swiss"]
[EventRounds "7"]
[SourceTitle "Ajedrez en Madrid"]
[Source "lmi"]
[SourceDate "2025.05.05"]
[SourceVersion "1"]
[SourceVersionDate "2025.05.14"]
[SourceQuality "1"]

1. c4 e5 2. Nc3 f5 3. d4 e4 4. g3 Nf6 5. Bg2 c6 6. Bg5 Bb4 7. Rc1 d6 8. e3 O-O 9. Nge2 Be6 10. d5 Bf7 11. Qb3 c5 12. a3 Bxc3+ 13. Qxc3 Nbd7 14. Bxf6 Qxf6 15. Qxf6 Nxf6 16. Bh3 g6 17. Nc3 h5 18. Bf1 Ng4 19. Be2 Ne5 20. Kd2 Kg7 21. h3 Kf6 22. Rb1 1/2-1/2

[Event "Campeonato Individual Absoluto de Madrid"]
[Site "Madrid ESP"]
[Date "2025.05.13"]
[Round "7.15"]
[White "Liern Matesanz, Jairo"]
[Black "De Vicente Guijarro, Juan"]
[Result "1/2-1/2"]
[WhiteElo "1963"]
[BlackElo "1930"]
[PlyCount "51"]
[GameId "2177140016513224"]
[EventDate "2025.05.05"]
[EventType "swiss"]
[EventRounds "7"]
[SourceTitle "Ajedrez en Madrid"]
[Source "lmi"]
[SourceDate "2025.05.05"]
[SourceVersion "1"]
[SourceVersionDate "2025.05.14"]
[SourceQuality "1"]

1. d4 d5 2. c4 e6 3. Nc3 a6 4. cxd5 exd5 5. Bf4 Nf6 6. e3 Bd6 7. Bxd6 Qxd6 8. Bd3 O-O 9. Nge2 Nc6 10. a3 Ne7 11. Qc2 Kh8 12. Rc1 c6 13. h3 Bd7 14. Na4 Rad8 15. Nc5 Bc8 16. O-O g6 17. Ng3 Nd7 18. Qc3 f5 19. Ne2 Ng8 20. Qb3 Qc7 21. Nf4 Ndf6 22. h4 Qe7 23. g3 Nh6 24. Kg2 Nf7 25. Rh1 Nd6 26. Qb4 1/2-1/2

[Event "Campeonato Individual Absoluto de Madrid"]
[Site "Madrid ESP"]
[Date "2025.05.13"]
[Round "7.16"]
[White "Cabanas Bravo, Juan Andres"]
[Black "Quiroga Andres, Carlos"]
[Result "0-1"]
[WhiteElo "1911"]
[BlackElo "1779"]
[PlyCount "78"]
[GameId "2177136905449594"]
[EventDate "2025.05.05"]
[EventType "swiss"]
[EventRounds "7"]
[SourceTitle "Ajedrez en Madrid"]
[Source "lmi"]
[SourceDate "2025.05.05"]
[SourceVersion "1"]
[SourceVersionDate "2025.05.14"]
[SourceQuality "1"]

1. e4 c5 2. Nf3 d6 3. Bc4 a6 4. a4 Nf6 5. e5 dxe5 6. Nxe5 e6 7. Qe2 Bd6 8. O-O Qc7 9. f4 O-O 10. Nc3 Nbd7 11. Re1 b6 12. b3 Bb7 13. Bb2 Rfe8 14. Nd1 Nd5 15. Qf2 Nb4 16. d4 Bd5 17. Ne3 cxd4 18. Bxd4 Bxc4 19. N3xc4 b5 20. axb5 axb5 21. Rxa8 Rxa8 22. Nxd6 Qxd6 23. c3 Ra2 24. Qg3 Nc2 25. Qf2 Nxe5 26. Bxe5 Qd5 27. Qg3 g6 28. Rb1 Ne3 29. c4 Qe4 30. Rb2 Ra1+ 31. Kf2 Qd3 32. Qf3 Rf1+ 33. Kg3 Rxf3+ 34. gxf3 Nf5+ 35. Kg4 h5+ 36. Kg5 Nd4 37. Kh6 Qxf3 38. Rd2 Nf5+ 39. Kg5 Qg4+ 0-1

[Event "Campeonato Individual Absoluto de Madrid"]
[Site "Madrid ESP"]
[Date "2025.05.13"]
[Round "7.17"]
[White "Camarero Izquierdo, Juan Carlos"]
[Black "Calderon Rojo, Borja"]
[Result "0-1"]
[WhiteElo "1892"]
[BlackElo "1911"]
[PlyCount "118"]
[GameId "2177181109051552"]
[EventDate "2025.05.05"]
[EventType "swiss"]
[EventRounds "7"]
[SourceTitle "Ajedrez en Madrid"]
[Source "lmi"]
[SourceDate "2025.05.05"]
[SourceVersion "1"]
[SourceVersionDate "2025.05.14"]
[SourceQuality "1"]

1. d4 d5 2. Nc3 e6 3. e4 dxe4 4. Nxe4 Bd7 5. Nf3 Bc6 6. Bd3 Nd7 7. Bg5 Be7 8. Bxe7 Qxe7 9. Qd2 Ngf6 10. Qf4 Bxe4 11. Bxe4 Nxe4 12. Qxe4 c6 13. O-O-O O-O-O 14. Kb1 Nf6 15. Qe1 Rd6 16. Rd3 Qc7 17. Ra3 a6 18. Qe2 Rhd8 19. c4 g5 20. h3 h5 21. Qe5 g4 22. c5 Rd5 23. Qxf6 Rf5 24. Qh4 gxf3 25. Rxf3 Rxf3 26. gxf3 Qd7 27. Rd1 Qd5 28. Qf6 e5 29. Qf5+ Kc7 30. Qxh5 exd4 31. Qxd5 Rxd5 32. b4 b6 33. cxb6+ Kxb6 34. Kc2 a5 35. a3 a4 36. Kd3 Kb5 37. h4 Rf5 38. Ke4 Rh5 39. Rh1 Kc4 40. f4 f5+ 41. Kf3 Kb3 42. Rd1 Kxa3 43. Rxd4 Kb3 44. Rd6 Kxb4 45. Rxc6 Rxh4 46. Rf6 a3 47. Rf8 a2 48. Ra8 Kb3 49. Rb8+ Kc3 50. Rc8+ Kb2 51. Rb8+ Ka1 52. Ke3 Rh1 53. Rb5 Rb1 54. Rxf5 Rb3+ 55. Ke4 Kb2 56. Ra5 Ra3 57. Rb5+ Kc2 58. Rc5+ Kd2 59. Rd5+ Ke2 0-1

[Event "Campeonato Individual Absoluto de Madrid"]
[Site "Madrid ESP"]
[Date "2025.05.13"]
[Round "7.18"]
[White "Perdiguero Herreros, Alejandro"]
[Black "Pulido Gomez, Pablo"]
[Result "1-0"]
[WhiteElo "1962"]
[BlackElo "1936"]
[PlyCount "65"]
[GameId "2177129865396299"]
[EventDate "2025.05.05"]
[EventType "swiss"]
[EventRounds "7"]
[SourceTitle "Ajedrez en Madrid"]
[Source "lmi"]
[SourceDate "2025.05.05"]
[SourceVersion "1"]
[SourceVersionDate "2025.05.14"]
[SourceQuality "1"]

1. d4 d5 2. c4 e6 3. Nc3 Nf6 4. cxd5 exd5 5. Bg5 Be7 6. e3 h6 7. Bh4 O-O 8. Bd3 Re8 9. Nge2 Nbd7 10. O-O c6 11. Qc2 Nf8 12. f3 a6 13. Rad1 Be6 14. h3 Rc8 15. e4 c5 16. Bxf6 Bxf6 17. exd5 Bxd5 18. Bf5 Be6 19. dxc5 Qa5 20. Ne4 Bxf5 21. Nxf6+ gxf6 22. Qxf5 Rxe2 23. Qxc8 Rd2 24. f4 Qb4 25. Rxd2 Qxd2 26. Qg4+ Kh7 27. Rf3 Qd1+ 28. Kh2 Ne6 29. Qf5+ Kg7 30. Rg3+ Kf8 31. Qxf6 Qh5 32. f5 Ng5 33. Rd3 1-0

[Event "Campeonato Individual Absoluto de Madrid"]
[Site "Madrid ESP"]
[Date "2025.05.13"]
[Round "7.19"]
[White "Veiga Macias, Rodrigo"]
[Black "Arce Balluerca, Oscar"]
[Result "0-1"]
[WhiteElo "1822"]
[BlackElo "1814"]
[PlyCount "44"]
[GameId "2177133104250988"]
[EventDate "2025.05.05"]
[EventType "swiss"]
[EventRounds "7"]
[SourceTitle "Ajedrez en Madrid"]
[Source "lmi"]
[SourceDate "2025.05.05"]
[SourceVersion "1"]
[SourceVersionDate "2025.05.14"]
[SourceQuality "1"]

1. e4 Nf6 2. e5 Nd5 3. c4 Nb6 4. c5 Nd5 5. Bc4 e6 6. d4 d6 7. Bxd5 exd5 8. cxd6 cxd6 9. Nf3 Be7 10. Nc3 dxe5 11. dxe5 Be6 12. Nd4 O-O 13. f4 Nc6 14. Nxe6 fxe6 15. Qg4 Qd7 16. O-O Bc5+ 17. Kh1 Nxe5 18. Qh3 Rae8 19. Rd1 Ng6 20. Rxd5 exd5 21. Qg3 d4 22. Nd1 Bb4 0-1

[Event "Campeonato Individual Absoluto de Madrid"]
[Site "Madrid ESP"]
[Date "2025.05.13"]
[Round "7.20"]
[White "Moreno Torrero, Javier"]
[Black "Escriva De Romani, Querejeta Bel"]
[Result "0-1"]
[WhiteElo "1933"]
[BlackElo "1979"]
[PlyCount "104"]
[GameId "2177140980691158"]
[EventDate "2025.05.05"]
[EventType "swiss"]
[EventRounds "7"]
[SourceTitle "Ajedrez en Madrid"]
[Source "lmi"]
[SourceDate "2025.05.05"]
[SourceVersion "1"]
[SourceVersionDate "2025.05.14"]
[SourceQuality "1"]

1. d4 Nf6 2. c4 g6 3. Nc3 Bg7 4. e4 d6 5. f3 O-O 6. Be3 c5 7. Nge2 Nc6 8. Qd2 a6 9. O-O-O cxd4 10. Nxd4 Bd7 11. Kb1 Qa5 12. Nb3 Qc7 13. c5 dxc5 14. Nxc5 Rfd8 15. Nd5 Nxd5 16. exd5 Bf5+ 17. Ka1 Nd4 18. Bxd4 Rxd5 19. Qb4 Rad8 20. Nb3 Bxd4 21. Rc1 Qd7 22. Bc4 Rd6 23. g4 b5 24. Bxf7+ Kxf7 25. gxf5 Qxf5 26. Nxd4 Rxd4 27. Qb3+ e6 28. Rc7+ R8d7 29. Rxd7+ Rxd7 30. Qc3 Qd3 31. Qe1 b4 32. Qc1 a5 33. h4 Qd2 34. Qb1 Rd3 35. f4 a4 36. h5 a3 37. hxg6+ hxg6 38. bxa3 Qc3+ 39. Qb2 Qxb2+ 40. Kxb2 bxa3+ 41. Kc2 Rf3 42. Rh7+ Kf6 43. Ra7 Rf2+ 44. Kb3 Rxf4 45. Kxa3 g5 46. Ra8 g4 47. Rf8+ Ke5 48. Rg8 Ke4 49. Kb4 Kf3+ 50. Kb5 g3 51. a4 g2 52. a5 Rg4 0-1